000 01395cam a2200337 a 4500
001 651808
003 OSt
005 20180117085952.0
008 940325s1995 nju b 011 0 eng
010 _a 94011068
020 _a0805812709 (alk. paper)
020 _a0805812717 (pbk. : alk. paper)
040 _aDLC
_cDLC
_dDLC
050 0 0 _aBF698.4
_b.P49 1995
082 0 0 _a155.2/072
_220
245 0 0 _aPersonality research, methods, and theory :
_ba festschrift honoring Donald W. Fiske /
_cedited by Patrick E. Shrout, Susan T. Fiske.
260 _aHillsdale, N.J. :
_bL. Erlbaum Associates,
_c1995.
300 _ax, 375 p. ;
_c23 cm.
504 _aIncludes bibliographical references and indexes.
600 1 0 _aFiske, Donald Winslow,
_d1916-
650 0 _aPersonality
_xResearch
_xMethodology.
650 0 _aPersonality assessment.
700 1 _aFiske, Donald Winslow,
_d1916-
700 1 _aShrout, Patrick E.
700 1 _aFiske, Susan T.
856 4 2 _3Publisher description
_uhttp://www.loc.gov/catdir/enhancements/fy0742/94011068-d.html
906 _a7
_bcbc
_corignew
_d1
_eocip
_f19
_gy-gencatlg
942 _2ddc
_cBK
999 _c2935
_d2935